Social market or safety net? British social rented housing in a European context (Record no. 101928)

MARC details
000 -LEADER
fixed length control field 00928cam a2200253 4500
008 - FIXED-LENGTH DATA ELEMENTS--GENERAL INFORMATION
fixed length control field 020301n2002 000 0 eng u
020 ## - INTERNATIONAL STANDARD BOOK NUMBER
International Standard Book Number 1861343876
035 ## - SYSTEM CONTROL NUMBER
System control number (Sirsi) u116939
041 ## - LANGUAGE CODE
Language code of text/sound track or separate title eng.
050 ## - LIBRARY OF CONGRESS CALL NUMBER
Classification number 306.114
100 ## - MAIN ENTRY--PERSONAL NAME
Personal name Stephens, M.
245 ## - TITLE STATEMENT
Title Social market or safety net? British social rented housing in a European context
260 ## - PUBLICATION, DISTRIBUTION, ETC.
Place of publication, distribution, etc. Bristol
Name of publisher, distributor, etc. The Policy Press
Date of publication, distribution, etc. 2002
300 ## - PHYSICAL DESCRIPTION
Extent xi,49p.
Dimensions 31cm.
350 ## - PRICE (NR) (BK AM CF MU VM SE) [OBSOLETE]
Price 13.95
520 ## - SUMMARY, ETC.
Summary, etc. This report provides a practical examination of the social rented sector in Britain and six other European countries: Denmark, France, FInland, Germany, the Netherlands and Sweden. The principal goal of the study was to inform the development of housing policy in Britain.
650 ## - SUBJECT ADDED ENTRY--TOPICAL TERM
Topical term or geographic name entry element SOCIAL HOUSING
650 ## - SUBJECT ADDED ENTRY--TOPICAL TERM
Topical term or geographic name entry element EUROPE
650 ## - SUBJECT ADDED ENTRY--TOPICAL TERM
Topical term or geographic name entry element HOUSING POLICY
690 ## - LOCAL SUBJECT ADDED ENTRY--TOPICAL TERM (OCLC, RLIN)
Topical term or geographic name as entry element Affordable housing
9 (RLIN) 6215
700 ## - ADDED ENTRY--PERSONAL NAME
Personal name Burns, N.
700 ## - ADDED ENTRY--PERSONAL NAME
Personal name MacKay, L.
942 ## - ADDED ENTRY ELEMENTS (KOHA)
Suppress in OPAC 0
Holdings
Withdrawn status Lost status Source of classification or shelving scheme Damaged status Not for loan Home library Current library Shelving location Date acquired Cost, normal purchase price Total Checkouts Full call number Barcode Date last seen Date last checked out Copy number Cost, replacement price Price effective from Koha item type
    Dewey Decimal Classification     London London Folio 30/09/2002 13.95 2 F306.114 STE 30066561 06/08/2019 24/10/2005 1 13.95 06/08/2019 Book